60 degrés méridiens de l'ouest des pays - Statistiques

Statistiques générales
  • Ce quiz a été pris 13 fois
  • Le résultat moyen est 16 sur 20
Statistiques - réponses
degrés pays % Correct
Brésil
100%
Guyana
100%
1.92° Suriname
100%
Venezuela
100%
Argentine
92%
Bolivie
92%
Canada
92%
6.90° Colombie
92%
Paraguay
85%
1.12° Saint-Vincent-et-les- Grenadines
85%
1.55° Uruguay
85%
1.66° Antigua-et-Barbuda
77%
0.35° Barbade
77%
2.54° Saint-Christophe- et-Niévès
77%
0.87° Sainte-Lucie
77%
0.50° Trinité-et-Tobago
77%
1.24° Dominique
62%
1.42° Grenade
62%
Groenland
46%
3.01° Sint Maarten
8%
Aucun quiz correspondant
Distribution des résultats
% des personnes avec chaque résultat
Percentile par nombre de réponses
Votre historique - résultats
Vous n’avez pas pris ce quiz